000 00596nam a2200241 a 4500
001 nice12345678
003 IN_TiNIC
005 20260116013345.0
008 050524s1993 dela grp 000 0 eng
020 _a
_c450
082 0 0 _a891.4391
_bMAH
100 _aMahmud, Sayyid Fayyaz
245 _aGhalib
_b a Critical Introduction
260 _aDelhi
_bAdam Publishers
_c1993
300 _a512p
500 _aincludes index and biblioraphy
505 2 _areprinted 1993
650 _aUrdu-Poetry
700 1 _aMahmud, Sayyid Fayyaz
902 _bSRS
942 _cBK
999 _c10693
_d10693